Madonna of Mumbai cats : (Record no. 42868)

MARC details
000 -LEADER
fixed length control field 00660nam a22001937a 4500
005 - DATE AND TIME OF LATEST TRANSACTION
control field 20100821123652.0
010 ## - LCCN (DPL NO)
LC control number ENG-101176
020 ## - INTERNATIONAL STANDARD BOOK NUMBER
International Standard Book Number 9788124115084
Terms of availability 250.00
035 ## - SYSTEM CONTROL NUMBER
System control number EN-84709
037 ## - SOURCE OF ACQUISITION
Source of stock number/acquisition DBAD/PUB
082 ## - DEWEY DECIMAL CLASSIFICATION NUMBER
Classification number S
100 ## - MAIN ENTRY--PERSONAL NAME
Personal name Peerbhoy, Sadiqa
245 ## - TITLE STATEMENT
Title Madonna of Mumbai cats :
Remainder of title and other stories /
Statement of responsibility, etc by Sadiqa Peerbhoy
260 ## - PUBLICATION, DISTRIBUTION, ETC. (IMPRINT)
Place of publication, distribution, etc New Delhi
Name of publisher, distributor, etc Har-Anand Publications
Date of publication, distribution, etc 2010
270 ## - ADDRESS
Address E-49/3, Okhla Industrial Area, Phase-II
City New Delhi
Postal code 110020
300 ## - PHYSICAL DESCRIPTION
Extent 147p.
Dimensions 22cm (pbk)
942 ## - ADDED ENTRY ELEMENTS (KOHA)
Source of classification or shelving scheme Dewey Decimal Classification
Item type English Books
Classification part S
Call number suffix PEE
Holdings
Withdrawn status Lost status Not for loan Collection code Home library Current library Date acquired Source of acquisition Cost, normal purchase price Full call number Barcode Copy number Cost, replacement price Koha item type
    Not For Loan Fiction D.B.Act.Division D.B.Act.Division 21/08/2010 DBAD/PUB 250.00 S PEE EN-84709 1 250.00 English Books

© Delhi Public Library
Hit Counter
free hit counter